000 00915nam a2200253Ia 4500
003 OSt
005 20220923224740.0
006 a|||||r|||| 00| 0
007 ta
008 220922b |||||||| |||| 00| 0 hin d
024 _a249,480
037 _cTextual
040 _aARTS
_cARTS
_bhin
041 _2hin
_ahin
082 _aO152,1:gN5, M6
100 _aप्रसाद, कमला
245 0 _aआधुनिक हिन्दी कविता और आलोचना की द्वन्द्वात्मकता
246 _aĀdhunik hindī kavitā aur ālochanā kī dvandvātmakatā
260 _aइलाहाबाद
_b साहित्यवाणी
_c1986
300 _a488पृ.
_ccm.
650 _aहिन्दी साहित्य
_9156264
942 _hO152,1:gN5, M6
_cTEXL
_2CC
999 _c373397
_d373397